<?xml version="1.0" encoding="UTF-8"?>
<record
    xmlns:xsi="http://www.w3.org/2001/XMLSchema-instance"
    xsi:schemaLocation="http://www.loc.gov/MARC21/slim http://www.loc.gov/standards/marcxml/schema/MARC21slim.xsd"
    xmlns="http://www.loc.gov/MARC21/slim">

  <leader>01623nam a22002897a 4500</leader>
  <datafield tag="952" ind1=" " ind2=" ">
    <subfield code="0">0</subfield>
    <subfield code="1">0</subfield>
    <subfield code="2">lcc</subfield>
    <subfield code="4">0</subfield>
    <subfield code="7">0</subfield>
    <subfield code="a">09</subfield>
    <subfield code="b">09</subfield>
    <subfield code="d">2019-07-17</subfield>
    <subfield code="l">0</subfield>
    <subfield code="o">HE5614 L66</subfield>
    <subfield code="p">26 000035</subfield>
    <subfield code="r">2019-07-17</subfield>
    <subfield code="t">1</subfield>
    <subfield code="w">2019-07-17</subfield>
    <subfield code="y">LB</subfield>
  </datafield>
  <datafield tag="952" ind1=" " ind2=" ">
    <subfield code="0">0</subfield>
    <subfield code="1">0</subfield>
    <subfield code="2">lcc</subfield>
    <subfield code="4">0</subfield>
    <subfield code="7">0</subfield>
    <subfield code="a">09</subfield>
    <subfield code="b">09</subfield>
    <subfield code="d">2019-07-17</subfield>
    <subfield code="l">0</subfield>
    <subfield code="o">HE5614 L66</subfield>
    <subfield code="p">26 000036</subfield>
    <subfield code="r">2019-07-17</subfield>
    <subfield code="t">2</subfield>
    <subfield code="w">2019-07-17</subfield>
    <subfield code="y">LB</subfield>
  </datafield>
  <datafield tag="952" ind1=" " ind2=" ">
    <subfield code="0">0</subfield>
    <subfield code="1">0</subfield>
    <subfield code="2">lcc</subfield>
    <subfield code="4">0</subfield>
    <subfield code="7">0</subfield>
    <subfield code="a">09</subfield>
    <subfield code="b">09</subfield>
    <subfield code="d">2019-07-17</subfield>
    <subfield code="l">0</subfield>
    <subfield code="o">HE5614 L66</subfield>
    <subfield code="p">26 000037</subfield>
    <subfield code="r">2019-07-17</subfield>
    <subfield code="t">3</subfield>
    <subfield code="w">2019-07-17</subfield>
    <subfield code="y">LB</subfield>
  </datafield>
  <datafield tag="952" ind1=" " ind2=" ">
    <subfield code="0">0</subfield>
    <subfield code="1">0</subfield>
    <subfield code="2">lcc</subfield>
    <subfield code="4">0</subfield>
    <subfield code="7">0</subfield>
    <subfield code="a">25</subfield>
    <subfield code="b">25</subfield>
    <subfield code="d">2019-08-12</subfield>
    <subfield code="l">0</subfield>
    <subfield code="o">HE5614 L66</subfield>
    <subfield code="p">25 000044</subfield>
    <subfield code="r">2019-08-12</subfield>
    <subfield code="t">1</subfield>
    <subfield code="w">2019-08-12</subfield>
    <subfield code="y">LB</subfield>
  </datafield>
  <datafield tag="952" ind1=" " ind2=" ">
    <subfield code="0">0</subfield>
    <subfield code="1">0</subfield>
    <subfield code="2">lcc</subfield>
    <subfield code="4">0</subfield>
    <subfield code="7">0</subfield>
    <subfield code="a">03</subfield>
    <subfield code="b">03</subfield>
    <subfield code="d">2019-08-12</subfield>
    <subfield code="l">0</subfield>
    <subfield code="o">HE5614 L66</subfield>
    <subfield code="p">25 000045</subfield>
    <subfield code="r">2023-09-26</subfield>
    <subfield code="t">2</subfield>
    <subfield code="w">2019-08-12</subfield>
    <subfield code="y">LB</subfield>
  </datafield>
  <datafield tag="952" ind1=" " ind2=" ">
    <subfield code="0">0</subfield>
    <subfield code="1">0</subfield>
    <subfield code="2">lcc</subfield>
    <subfield code="4">0</subfield>
    <subfield code="7">0</subfield>
    <subfield code="a">03</subfield>
    <subfield code="b">03</subfield>
    <subfield code="d">2019-08-12</subfield>
    <subfield code="l">0</subfield>
    <subfield code="o">HE5614 L66</subfield>
    <subfield code="p">25 000046</subfield>
    <subfield code="r">2023-09-26</subfield>
    <subfield code="t">3</subfield>
    <subfield code="w">2019-08-12</subfield>
    <subfield code="y">LB</subfield>
  </datafield>
  <datafield tag="999" ind1=" " ind2=" ">
    <subfield code="c">104336</subfield>
    <subfield code="d">104336</subfield>
  </datafield>
  <controlfield tag="003">OSt</controlfield>
  <controlfield tag="005">20231102152114.0</controlfield>
  <controlfield tag="008">190717b2018                  00| 0 spa d</controlfield>
  <datafield tag="020" ind1=" " ind2=" ">
    <subfield code="a">9786076105481</subfield>
  </datafield>
  <datafield tag="040" ind1=" " ind2=" ">
    <subfield code="c">UIN</subfield>
  </datafield>
  <datafield tag="050" ind1=" " ind2="4">
    <subfield code="a">HE5614</subfield>
    <subfield code="b">L66</subfield>
  </datafield>
  <datafield tag="100" ind1="1" ind2=" ">
    <subfield code="a">L&#xF3;pez Gutri&#xE9;rrez, Francisco</subfield>
    <subfield code="e"> , autor </subfield>
  </datafield>
  <datafield tag="245" ind1="1" ind2="0">
    <subfield code="a">Pericial en hechos de tr&#xE1;nsito</subfield>
    <subfield code="c"> / Francisco L&#xF3;pez Guti&#xE9;rrez</subfield>
  </datafield>
  <datafield tag="260" ind1=" " ind2=" ">
    <subfield code="a">M&#xE9;xico</subfield>
    <subfield code="b"> : Flores Editor y Distribuidor </subfield>
    <subfield code="c"> , 2018</subfield>
  </datafield>
  <datafield tag="300" ind1=" " ind2=" ">
    <subfield code="a">157 p&#xE1;ginas</subfield>
  </datafield>
  <datafield tag="504" ind1=" " ind2=" ">
    <subfield code="a">Bibliograf&#xED;a: p. 157 </subfield>
  </datafield>
  <datafield tag="505" ind1="0" ind2=" ">
    <subfield code="a">La intervenci&#xF3;n de un perito en hechos de tr&#xE1;nsito
Inspecci&#xF3;n ocular y levantamiento del sitio de un suceso por hechos de tr&#xE1;nsito
Inspecciones oculares a veh&#xED;culos y peritajes mec&#xE1;nicos
Amparo contra multas excesivas
Amparo contra el torito
Amparo indirecto contra detenci&#xF3;n incomunicaci&#xF3;n
Queja contra el municipio
Diccionario de hecho de tr&#xE1;nsito
Jurisprudencia</subfield>
  </datafield>
  <datafield tag="519" ind1=" " ind2=" ">
    <subfield code="a">Modalidad Ejecutiva / </subfield>
    <subfield code="b">Criminal&#xED;stica / </subfield>
    <subfield code="c">Investigaci&#xF3;n de Hechos de Tr&#xE1;nsito (09051D11) / </subfield>
    <subfield code="d">(26 000035)</subfield>
  </datafield>
  <datafield tag="519" ind1=" " ind2=" ">
    <subfield code="a">Modalidad Ejecutiva / </subfield>
    <subfield code="b">Criminal&#xED;stica / </subfield>
    <subfield code="c">Investigaci&#xF3;n de Hechos de Tr&#xE1;nsito (09051D11) / </subfield>
    <subfield code="d">(26 000036)</subfield>
  </datafield>
  <datafield tag="519" ind1=" " ind2=" ">
    <subfield code="a">Modalidad Ejecutiva / </subfield>
    <subfield code="b">Criminal&#xED;stica / </subfield>
    <subfield code="c">Investigaci&#xF3;n de Hechos de Tr&#xE1;nsito (09051D11) / </subfield>
    <subfield code="d">(26 000037)</subfield>
  </datafield>
  <datafield tag="519" ind1=" " ind2=" ">
    <subfield code="a">Modalidad Ejecutiva / </subfield>
    <subfield code="b">Criminalistica / </subfield>
    <subfield code="c">Investigaci&#xF3;n de Hechos de Transito (090501D11) / </subfield>
    <subfield code="d">(25 000044) </subfield>
  </datafield>
  <datafield tag="519" ind1=" " ind2=" ">
    <subfield code="a">Material Complementario / </subfield>
    <subfield code="d">(25 000044) </subfield>
  </datafield>
  <datafield tag="519" ind1=" " ind2=" ">
    <subfield code="a">Material Complementario / </subfield>
    <subfield code="d">(25 000044) </subfield>
  </datafield>
  <datafield tag="650" ind1=" " ind2="4">
    <subfield code="a">RESPONSABILIDAD POR ACCIDENTES DE TR&#xC1;NSITO</subfield>
  </datafield>
  <datafield tag="650" ind1=" " ind2="4">
    <subfield code="a">PR&#xC1;CTICA FORESNSE</subfield>
  </datafield>
  <datafield tag="942" ind1=" " ind2=" ">
    <subfield code="c">LB</subfield>
  </datafield>
</record>
